| 000 | 00463 a2200157 4500 | ||
|---|---|---|---|
| 999 |
_c481 _d481 |
||
| 008 | 221021b ||||| |||| 00| 0 eng d | ||
| 020 | _a9780788165252 | ||
| 082 | 0 | 0 |
_a650.0285 _bK141 |
| 100 |
_aKalakota, Ravi _95330 |
||
| 245 |
_aFrontiers of electronic commerce / _cRavi Kalakota, and Andrew B. Whinston |
||
| 260 |
_bPearson, _c2013. _aNew Delhi: |
||
| 300 | _a864 p. | ||
| 650 | 0 | _aElectronic Commerce | |
| 700 |
_95332 _aWhinston, Andrew B. |
||
| 942 |
_2ddc _cBK |
||